Loading...
Virtual reality technology /
| Main Author: | |
|---|---|
| Other Authors: | |
| Format: | Printed Book |
| Language: | English French |
| Published: |
Hoboken, N.J. :
J. Wiley-Interscience,
c2003.
|
| Edition: | 2nd ed. |
| Subjects: | |
| Online Access: | Contributor biographical information Publisher description Table of contents |
| LEADER | 01660cam a2200361 a 4500 | ||
|---|---|---|---|
| 001 | 12975387 | ||
| 003 | inmpuc | ||
| 005 | 20201006104606.0 | ||
| 008 | 021021s2003 njua b 001 0 eng | ||
| 010 | |a 2002038088 | ||
| 020 | |a 0471360899 (cloth) | ||
| 040 | |a DLC |c DLC |d DLC | ||
| 041 | 1 | |a eng |h fre | |
| 082 | 0 | 0 | |a 006 BUR/V |2 21 |
| 100 | 1 | |a Burdea, Grigore. | |
| 240 | 1 | 0 | |a Réalité virtuelle. |l English |
| 245 | 1 | 0 | |a Virtual reality technology / |c Grigore Burdea, Philippe Coiffet. |
| 250 | |a 2nd ed. | ||
| 260 | |a Hoboken, N.J. : |b J. Wiley-Interscience, |c c2003. | ||
| 300 | |a xvi, 444 p. : |b ill. ; |c 26 cm. + |e 1 CD-ROM (4 3/4 in.) | ||
| 504 | |a Includes bibliographical references and index. | ||
| 650 | 0 | |a Human-computer interaction. | |
| 650 | 0 | |a Virtual reality. | |
| 700 | 1 | |a Coiffet, Philippe. | |
| 856 | 4 | 2 | |3 Contributor biographical information |u http://www.loc.gov/catdir/bios/wiley046/2002038088.html |
| 856 | 4 | 2 | |3 Publisher description |u http://www.loc.gov/catdir/description/wiley039/2002038088.html |
| 856 | 4 | 1 | |3 Table of contents |u http://www.loc.gov/catdir/toc/wiley031/2002038088.html |
| 906 | |a 7 |b cbc |c orignew |d 1 |e ocip |f 20 |g y-gencatlg | ||
| 942 | |2 ddc |c BK | ||
| 955 | |a pc24 2002-10-21 to ASCD; |c jf03 2002-10-22 to Subj. |a aa20 2002-10-24 |a ps09 2003-07-03 1 copy rec'd., to CIP ver. |a jf16 2003-12-08 copy2 to BCCD | ||
| 999 | |c 353236 |d 353236 | ||
| 952 | |0 0 |1 0 |2 ddc |4 0 |6 006_000000000000000_BUR_V |7 0 |9 408384 |a DCS |b DCS |c ST1 |d 2020-10-06 |i 1105 |l 0 |o 006 BUR/V |p DCS1105 |r 2020-10-06 |w 2020-10-06 |y BK | ||
| 952 | |0 0 |1 0 |2 ddc |4 0 |6 006_000000000000000_BUR_V |7 0 |9 409699 |a DCS |b DCS |c ST1 |d 2020-11-23 |i 13 |l 0 |o 006 BUR/V |p DCS13 |r 2020-11-23 |w 2020-10-06 |y BK | ||